| 000 | 00749nam a2200253Ia 4500 | ||
|---|---|---|---|
| 003 | OSt | ||
| 005 | 20220925205810.0 | ||
| 006 | a|||||r|||| 00| 0 | ||
| 007 | ta | ||
| 008 | 220923b |||||||| |||| 00| 0 eng d | ||
| 037 | _cGeneral Book | ||
| 040 |
_aRTL _cRTL _beng |
||
| 041 |
_2eng _aeng |
||
| 082 | _aX:77.2.N7, L4 | ||
| 100 | _aChakravarty S. | ||
| 245 | 0 | _aReflections on the growth process in the Indian economy | |
| 260 |
_aHyderabad _bA. S. C. I. India _c1974 |
||
| 300 |
_a38p. _ccm. |
||
| 490 | _aAdministrative Staff College of India, Foundation Day Lecture Series. 7 | ||
| 650 | _a Economics | ||
| 650 |
_aIndia _964395 |
||
| 942 |
_hX:77.2.N7, L4 _cGB _2CC |
||
| 999 |
_c553242 _d553242 |
||